Justicia de un hombre solo
Uloženo v:
| Hlavní autor: | |
|---|---|
| Médium: | Kniha |
| Jazyk: | španělština |
| Vydáno: |
Buenos Aires
Emecé
2003
|
| Vydání: | 1a. ed |
| Edice: | Lingua Franca
|
| Témata: | |
| Tagy: |
Přidat tag
Žádné tagy, Buďte první, kdo vytvoří štítek k tomuto záznamu!
|
MARC
| LEADER | 00000cam a2200000 a 4500 | ||
|---|---|---|---|
| 001 | UCD5871 | ||
| 003 | CL-VaPUC | ||
| 008 | 161028e20030000ag |||||||||||||||||spa|d | ||
| 020 | |a 9500426730 | ||
| 082 | 0 | 4 | |a 895.603 |b YOS |2 21 |
| 100 | 0 | |a Yoshimura, Akira |e author |9 589668 | |
| 245 | 1 | 0 | |a Justicia de un hombre solo |
| 250 | |a 1a. ed | ||
| 300 | |a 237 p | ||
| 942 | |c BK | ||
| 945 | |d 20161028 10:18:00 |a arojas | ||
| 260 | |a Buenos Aires |b Emecé |c 2003 | ||
| 650 | 7 | |a NOVELAS JAPONESAS |2 CL-VaPUC |9 589669 | |
| 650 | 0 | |a Literatura japonesa |9 266543 | |
| 583 | |a last modification |c 20161028 10:18:00 |k Rodrigo Vera | ||
| 490 | 0 | |a Lingua Franca | |
| 999 | |c 366411 |d 366409 | ||